000
00295nam a22001217a 4500
008
230620b xxu||||| |||| 00| 0 eng d
082
_a
320.96
_b
PER
100
_c
MArgery Perham
245
_a
African Outline
260
_a
London
_b
Oxford university press
_c
1966
300
_a
78p
942
_2
ddc
_c
BK
999
_c
1710
_d
1710